000 00824cam a2200217 4500
001 L136701
008 070215s2006 000 0 eng u
020 _a1904829422
035 _a(Sirsi) u136701
050 0 4 _a692.5 $2 18
245 0 0 _aWessex estimating price book SMM7
_b2007
250 _a12th ed.
260 _aLondon
_bBCIS
_c2006
300 _aca.1000p.
_b30cm.
520 _aGuide to the current (net cost) unit prices for building work. GIves unit rates compiled from over 500 000 price elements. Includes labour constants, an approximate estimating section, professional information and BCIS square metre rates.
650 2 4 _aSTANDARD METHOD OF MEASUREMENT (SEVENTH EDITION)
651 4 _aUnited Kingdom
_y
690 _aBUILT ENVIRONMENT-BUILDING COSTS
700 1 _aBarnett, N.P.
_eEditor
942 _n0
999 _c106478
_d106478